000 00530nam a22001937a 4500
003 KOHA_MİRAKIL
005 20241204084209.0
008 241204b tu ||||| |||| 00| 0 tur d
020 _a9786051723877
040 _aTR-AnABB
_btur
_cTR-AnABB
041 _atur
082 _a843.8
_bZOL 2020
100 _aZola, Emile, 1840-1902
245 1 0 _aBir aşk sayfası /
_cEmile Zola
260 _aİstanbul :
_bYordam Kitap,
_c2020
300 _a351 sayfa ;
_c20 cm
650 0 4 _aFransız edebiyatı, roman
942 _2ddc
_cBK
999 _c7983
_d7983
900 _bCan ÇELIK